[Event "Troisdorf op"]
[Site "Troisdorf"]
[Date "2014.11.18"]
[Round "5"]
[White "Bonus, Christian"]
[Black "Sommer, Herbert"]
[Result "1-0"]
[WhiteElo "1467"]
[BlackElo "1541"]
[PlyCount "65"]
[EventDate "2014.10.21"]
[EventType "swiss"]
[EventRounds "7"]
[EventCountry "GER"]
[SourceTitle "EXT 2016"]
[Source "ChessBase"]
[SourceDate "2015.10.08"]
[SourceVersion "1"]
[SourceVersionDate "2015.10.08"]
[SourceQuality "1"]

1. d4 d5 2. h3 e6 3. Nf3 Nf6 4. Bg5 Nbd7 5. Nbd2 h6 6. Bh4 Be7 7. Bg3 0-0 8. e3 c5 9. c4 dxc4 10. Bxc4 Nb6 11. Bb3 cxd4 12. Nxd4 a6 13. Rc1 Bd6 14. f4 Nbd5 15. Qf3 Bb4 16. Ke2 Qa5 17. Nc4 Qd8 18. Bh4 Be7 19. Bg3 Nb6 20. Ne5 Nfd5 21. Rhd1 Qe8 22. e4 Nf6 23. Bf2 Nbd7 24. Nd3 a5 25. Nb5 Bd8 26. e5 Nh7 27. Nd6 Qe7 28. Nxc8 Qe8 29. Nd6 Qe7 30. Nxb7 a4 31. Bc4 Rb8 32. Ndc5 Re8 33. Rxd7 1-0

[Event "Troisdorf op"]
[Site "Troisdorf"]
[Date "2011.12.06"]
[Round "7"]
[White "Bonus, Christian"]
[Black "Natterer, Marco"]
[Result "0-1"]
[WhiteElo "1487"]
[BlackElo "1652"]
[PlyCount "49"]
[EventDate "2011.10.25"]
[EventType "swiss"]
[EventRounds "7"]
[EventCountry "GER"]
[SourceTitle "EXT 2013"]
[Source "ChessBase"]
[SourceDate "2012.11.22"]
[SourceVersion "1"]
[SourceVersionDate "2012.11.22"]
[SourceQuality "1"]

1. e4 e6 2. d4 d5 3. e5 c5 4. Bb5+ Bd7 5. Bxd7+ Qxd7 6. Nf3 Nc6 7. 0-0 cxd4 8. Nxd4 Nxe5 9. Bf4 Nc6 10. Nb5 Rc8 11. Re1 a6 12. N1c3 axb5 13. Nxd5 Bc5 14. Qh5 Nce7 15. Nxe7 Qxe7 16. c3 Nf6 17. Qe2 0-0 18. Qxb5 Rfd8 19. Rad1 Rxd1 20. Rxd1 Rd8 21. Rxd8+ Qxd8 22. Qe2 h6 23. h3 Bd6 24. Qd3 Bc7 25. Bxc7 0-1

[Event "Troisdorf op"]
[Site "Troisdorf"]
[Date "2011.11.15"]
[Round "4"]
[White "Bonus, Christian"]
[Black "Moews, Thomas"]
[Result "0-1"]
[WhiteElo "1487"]
[BlackElo "1794"]
[PlyCount "68"]
[EventDate "2011.10.25"]
[EventType "swiss"]
[EventRounds "7"]
[EventCountry "GER"]
[SourceTitle "EXT 2013"]
[Source "ChessBase"]
[SourceDate "2012.11.22"]
[SourceVersion "1"]
[SourceVersionDate "2012.11.22"]
[SourceQuality "1"]

1. d4 Nf6 2. c4 c5 3. Nc3 cxd4 4. Qxd4 Nc6 5. Qd1 g6 6. Bf4 d6 7. e3 Bg7 8. Be2 0-0 9. h4 Qa5 10. Qa4 Qxa4 11. Nxa4 Be6 12. Nf3 Nh5 13. Bh2 Nb4 14. 0-0 Rac8 15. Rfc1 b5 16. cxb5 Nxa2 17. Rxc8 Rxc8 18. Nd4 Bxd4 19. exd4 Ng7 20. Nc3 Nxc3 21. bxc3 Rxc3 22. Bf4 Nf5 23. Rxa7 Bd5 24. b6 Rb3 25. Bg4 Nxd4 26. Rxe7 f5 27. Bh6 fxg4 28. Rg7+ Kf8 29. Rd7+ Ke8 30. Rxd6 Ne2+ 31. Kh2 Bc4 32. Be3 g3+ 33. Kh3 gxf2 34. Rf6 Rxe3+ 0-1

[Event "Troisdorf op"]
[Site "Troisdorf"]
[Date "2011.10.25"]
[Round "1"]
[White "Dreiling, Alexander"]
[Black "Bonus, Christian"]
[Result "1-0"]
[WhiteElo "1824"]
[BlackElo "1487"]
[PlyCount "63"]
[EventDate "2011.10.25"]
[EventType "swiss"]
[EventRounds "7"]
[EventCountry "GER"]
[SourceTitle "EXT 2013"]
[Source "ChessBase"]
[SourceDate "2012.11.22"]
[SourceVersion "1"]
[SourceVersionDate "2012.11.22"]
[SourceQuality "1"]

1. e4 c5 2. Nf3 Nc6 3. c3 d5 4. exd5 Qxd5 5. Na3 Qd8 6. Bb5 Bd7 7. 0-0 e6 8. Re1 a6 9. Bd3 Nf6 10. Bb1 Qc7 11. Nc4 Rd8 12. Ne3 Bd6 13. Nf5 0-0 14. Nxd6 Qxd6 15. d4 Bc8 16. Bg5 cxd4 17. Bxf6 gxf6 18. Qd3 f5 19. Ng5 Qf4 20. Nh3 Qh6 21. f4 dxc3 22. Qxc3 Rd4 23. Bc2 Rfd8 24. Re3 Ne7 25. Ng5 Rxf4 26. Rg3 Ng6 27. Qc7 Qg7 28. Qxd8+ Qf8 29. Qc7 Rg4 30. Rxg4 fxg4 31. Rf1 Qe7 32. Qxc8+ 1-0

[Event "Troisdorf op "]
[Site "Troisdorf"]
[Date "2010.11.16"]
[Round "4"]
[White "Bonus, Christian"]
[Black "Guenther, Ralf"]
[Result "1-0"]
[WhiteElo "1585"]
[BlackElo "1436"]
[PlyCount "43"]
[EventDate "2010.10.26"]
[EventType "swiss"]
[EventRounds "7"]
[EventCountry "GER"]
[SourceTitle "EXT 2013"]
[Source "ChessBase"]
[SourceDate "2012.11.22"]
[SourceVersion "1"]
[SourceVersionDate "2012.11.22"]
[SourceQuality "1"]

1. d4 Nf6 2. c4 c5 3. d5 b5 4. b3 bxc4 5. bxc4 Na6 6. Nf3 g6 7. Bb2 Rb8 8. Bxf6 exf6 9. Nc3 Qa5 10. Qd2 Bh6 11. e3 0-0 12. Bd3 Rb3 13. Rc1 Ra3 14. h4 Nb4 15. Bb1 Bg7 16. 0-0 f5 17. e4 Bxc3 18. Rxc3 fxe4 19. Bxe4 Rxa2 20. Qh6 Nxd5 21. Ng5 Nf6 22. Rf3 1-0

[Event "Troisdorf op"]
[Site "Troisdorf"]
[Date "2008.11.18"]
[Round "6"]
[White "Bonus, Christian"]
[Black "Karwatzki, Hans Juergen"]
[Result "1-0"]
[WhiteElo "1459"]
[BlackElo "1690"]
[PlyCount "55"]
[EventDate "2008.10.14"]
[EventType "swiss"]
[EventRounds "7"]
[EventCountry "GER"]
[SourceTitle "EXT 2011"]
[Source "ChessBase"]
[SourceDate "2010.11.26"]
[SourceVersion "1"]
[SourceVersionDate "2010.11.26"]
[SourceQuality "1"]

1. e4 e5 2. Nf3 Nc6 3. Bc4 Nf6 4. 0-0 Bc5 5. Ng5 0-0 6. d3 d6 7. c3 Be6 8. Bxe6 h6 9. Nxf7 Qe7 10. Nxh6+ Kh8 11. Nf7+ Kg8 12. Ng5+ Kh8 13. Qf3 g6 14. Bc4 d5 15. exd5 e4 16. Qh3+ Nh5 17. Nxe4 Bxf2+ 18. Rxf2 Rxf2 19. dxc6 Raf8 20. Nbd2 Re2 21. Nf3 Rxe4 22. dxe4 Qc5+ 23. Nd4 Qxc4 24. Bg5 bxc6 25. e5 c5 26. Ne6 Rf5 27. Bf6+ Kg8 28. g4 1-0

[Event "Troisdorf op"]
[Site "Troisdorf"]
[Date "2006.10.31"]
[Round "2"]
[White "Bonus, Christian"]
[Black "Schreiber, Peter"]
[Result "0-1"]
[WhiteElo "1427"]
[BlackElo "1711"]
[PlyCount "84"]
[EventDate "2006.10.24"]
[EventType "swiss"]
[EventRounds "7"]
[EventCountry "GER"]
[SourceTitle "EXT 2011"]
[Source "ChessBase"]
[SourceDate "2010.11.26"]
[SourceVersion "1"]
[SourceVersionDate "2010.11.26"]
[SourceQuality "1"]

1. d4 Nf6 2. c4 e5 3. dxe5 Ne4 4. Nf3 b6 5. e3 Bb4+ 6. Nc3 Nxc3 7. Qd2 Nd5 8. cxd5 Bxd2+ 9. Bxd2 0-0 10. Rc1 Ba6 11. Bxa6 Nxa6 12. 0-0 f6 13. Bc3 fxe5 14. Nxe5 Nc5 15. Bb4 Rf5 16. Bc3 Qg5 17. f4 Qh5 18. Rf3 Rxe5 19. Bxe5 Nd3 20. Rxc7 Nxe5 21. fxe5 Qxe5 22. Rxd7 Rf8 23. Rg3 Qxb2 24. h3 Qc1+ 25. Kh2 g6 26. d6 Qc6 27. Rxa7 Qxd6 28. h4 Rf1 29. h5 Rh1+ 30. Kxh1 Qxg3 31. hxg6 hxg6 32. Ra3 g5 33. Rb3 Qh4+ 34. Kg1 g4 35. Rxb6 g3 36. Kf1 Qh1+ 37. Ke2 Qxg2+ 38. Kd3 Qf1+ 39. Ke4 g2 40. Rg6+ Kf7 41. Rxg2 Qxg2+ 42. Kd4 Qxa2 0-1

[Event "Troisdorf op"]
[Site "Troisdorf"]
[Date "2005.10.25"]
[Round "2.23"]
[White "Bonus, Christian"]
[Black "Trube, Dieter"]
[Result "1/2-1/2"]
[WhiteElo "1469"]
[BlackElo "1788"]
[PlyCount "56"]
[EventDate "2005.10.18"]
[EventType "swiss"]
[EventRounds "7"]
[EventCountry "GER"]
[SourceTitle "EXT 2006"]
[Source "ChessBase"]
[SourceDate "2005.11.24"]
[SourceVersion "1"]
[SourceVersionDate "2005.11.24"]
[SourceQuality "1"]

1. d4 Nf6 2. c4 e6 3. Nc3 Bb4 4. Qc2 Nc6 5. e3 0-0 6. Bd3 h6 7. Nf3 d5 8. 0-0 b6 9. Ne5 Nxe5 10. dxe5 Nd7 11. cxd5 Bxc3 12. Qxc3 exd5 13. b4 Bb7 14. f4 Rc8 15. Bb2 c5 16. Rac1 cxb4 17. Qxb4 Nc5 18. Bf5 Rc7 19. Qc3 Bc8 20. Bb1 f6 21. Qc2 f5 22. g4 Rff7 23. Qg2 fxg4 24. f5 Qg5 25. Qxd5 Qxe3+ 26. Rf2 g3 27. hxg3 Qxg3+ 28. Qg2 Qxg2+ 1/2-1/2

[Event "Troisdorf op"]
[Site "Troisdorf"]
[Date "2004.11.30"]
[Round "5"]
[White "Raupach, Birgit"]
[Black "Bonus, Christian"]
[Result "0-1"]
[WhiteElo "1091"]
[BlackElo "1462"]
[PlyCount "62"]
[EventDate "2004.11.02"]
[EventType "swiss"]
[EventRounds "7"]
[EventCountry "GER"]
[SourceTitle "EXT 2006"]
[Source "ChessBase"]
[SourceDate "2005.11.24"]
[SourceVersion "1"]
[SourceVersionDate "2005.11.24"]
[SourceQuality "1"]

1. d4 d5 2. Nf3 Bf5 3. Nc3 Nf6 4. Bf4 a6 5. e3 Nc6 6. Be2 e6 7. 0-0 Nh5 8. Bg3 Nxg3 9. fxg3 Be7 10. Ne5 Bg5 11. Qd2 Nxe5 12. dxe5 c5 13. g4 Bg6 14. Bf3 d4 15. Nd1 dxe3 16. Qxd8+ Rxd8 17. Nc3 Bxc2 18. Bxb7 Bd3 19. Rfe1 Rb8 20. Bf3 Rxb2 21. Na4 Rc2 22. Rab1 0-0 23. Nb6 Rxa2 24. Rb3 c4 25. Rc3 g6 26. Nd7 Rd8 27. Nf6+ Kg7 28. Be4 e2 29. Bxd3 Be3+ 30. Kh1 cxd3 31. Ne4 d2 0-1

[Event "Troisdorf op"]
[Site "Troisdorf"]
[Date "2003.12.02"]
[Round "6"]
[White "Bonus, Christian"]
[Black "Lange, Lutz"]
[Result "0-1"]
[WhiteElo "1469"]
[BlackElo "1702"]
[PlyCount "54"]
[EventDate "2003.10.14"]
[EventType "swiss"]
[EventRounds "7"]
[EventCountry "GER"]
[SourceTitle "EXT 2005"]
[Source "ChessBase"]
[SourceDate "2004.11.15"]
[SourceVersion "1"]
[SourceVersionDate "2004.11.15"]
[SourceQuality "1"]

1. e4 e6 2. d4 d5 3. e5 c5 4. Nf3 Nc6 5. Nc3 Nge7 6. Bg5 h6 7. Bh4 cxd4 8. Nb5 Qa5+ 9. Qd2 Qxd2+ 10. Kxd2 Kd7 11. Nbxd4 Nxd4 12. Nxd4 Nc6 13. Bb5 a6 14. Nxc6 bxc6 15. Ba4 Kc7 16. Rhc1 Rb8 17. Rab1 g5 18. Bg3 h5 19. h4 gxh4 20. Bxh4 Bh6+ 21. Kd1 Bxc1 22. Kxc1 Rb4 23. Bf6 Rg8 24. b3 Rxg2 25. Bh4 Rg1+ 26. Kb2 Rxb1+ 27. Kxb1 Rxh4 0-1

[Event "Troisdorf op"]
[Site "Troisdorf"]
[Date "2002.12.03"]
[Round "6"]
[White "Karwatzki, Hans Juergen"]
[Black "Bonus, Christian"]
[Result "1-0"]
[WhiteElo "1660"]
[BlackElo "1470"]
[PlyCount "53"]
[EventDate "2002.10.??"]
[EventType "swiss"]
[EventRounds "7"]
[EventCountry "GER"]
[SourceTitle "EXT 2005"]
[Source "ChessBase"]
[SourceDate "2004.11.15"]
[SourceVersion "1"]
[SourceVersionDate "2004.11.15"]
[SourceQuality "1"]

1. e4 c5 2. c3 d6 3. d4 cxd4 4. cxd4 e6 5. Nf3 Be7 6. Nc3 a6 7. Bd3 Nc6 8. Be3 Nf6 9. 0-0 0-0 10. Rc1 Ng4 11. Bd2 Nb4 12. Bb1 f5 13. Qb3 fxe4 14. Nxe4 d5 15. Bxb4 dxe4 16. Bxe7 Qxe7 17. Bxe4 Rb8 18. Rc5 Kh8 19. Rfc1 Qd6 20. Bxh7 Rxf3 21. Qxf3 Qxh2+ 22. Kf1 Bd7 23. Qxg4 Bb5+ 24. Rxb5 Qh1+ 25. Ke2 Qxc1 26. Rh5 Qxb2+ 27. Bc2+ 1-0

[Event "Troisdorf op"]
[Site "Troisdorf"]
[Date "2001.12.04"]
[Round "7"]
[White "Hillebrand, Carsten"]
[Black "Bonus, Christian"]
[Result "1-0"]
[WhiteElo "1960"]
[BlackElo "1451"]
[PlyCount "53"]
[EventDate "2001.10.??"]
[EventType "swiss"]
[EventRounds "7"]
[EventCountry "GER"]
[SourceTitle "EXT 2005"]
[Source "ChessBase"]
[SourceDate "2004.11.15"]
[SourceVersion "1"]
[SourceVersionDate "2004.11.15"]
[SourceQuality "1"]

1. c4 e5 2. g3 Nf6 3. Bg2 Bc5 4. Nc3 0-0 5. e3 c6 6. a3 d5 7. b4 Be7 8. d4 dxc4 9. dxe5 Qxd1+ 10. Nxd1 Ng4 11. f4 f6 12. h3 Nh6 13. Bb2 a5 14. b5 cxb5 15. Nc3 Nc6 16. Nxb5 Nf5 17. Bd5+ Kh8 18. Kf2 fxe5 19. Nf3 exf4 20. gxf4 Bc5 21. Rae1 Nce7 22. Bxc4 b6 23. Rhg1 Ng6 24. Nbd4 Nxd4 25. Nxd4 Bxh3 26. Rxg6 hxg6 27. Rh1 1-0

[Event "Troisdorf op"]
[Site "Troisdorf"]
[Date "2001.11.06"]
[Round "3"]
[White "Bonus, Christian"]
[Black "Trube, Dieter"]
[Result "1-0"]
[WhiteElo "1451"]
[BlackElo "1708"]
[PlyCount "57"]
[EventDate "2001.10.??"]
[EventType "swiss"]
[EventRounds "7"]
[EventCountry "GER"]
[SourceTitle "EXT 2005"]
[Source "ChessBase"]
[SourceDate "2004.11.15"]
[SourceVersion "1"]
[SourceVersionDate "2004.11.15"]
[SourceQuality "1"]

1. e4 e5 2. Nf3 Nc6 3. Bc4 Nf6 4. 0-0 Be7 5. Re1 d6 6. c3 0-0 7. d4 Bg4 8. Nbd2 a6 9. a4 exd4 10. Qb3 Na5 11. Qc2 Nxc4 12. Nxc4 Bxf3 13. gxf3 dxc3 14. bxc3 b5 15. Ne3 Nd7 16. Kh1 Ne5 17. Qe2 Qd7 18. f4 Ng6 19. f5 Ne5 20. Rg1 c6 21. f4 Nc4 22. Qg2 Bf6 23. Ng4 Qe7 24. axb5 cxb5 25. e5 dxe5 26. fxe5 Nxe5 27. Ba3 Qd8 28. Rad1 Qxd1 29. Nxf6+ 1-0